[Event "Mittelrhein Regionalliga 18/19"]
[Site "Nordrheinwestfalen"]
[Date "2019.03.10"]
[Round "8.8"]
[White "Roefe, Detlef"]
[Black "Reznikov, Hennadij"]
[Result "1/2-1/2"]
[WhiteElo "1870"]
[BlackElo "1924"]
[PlyCount "77"]
[EventDate "2018.10.28"]
[EventType "team-tourn"]
[EventRounds "11"]
[EventCountry "GER"]
[SourceTitle "EXT 2022"]
[Source "ChessBase"]
[SourceDate "2021.10.06"]
[SourceVersion "1"]
[SourceVersionDate "2021.10.06"]
[SourceQuality "1"]
[WhiteTeam "Alsdorf SVG"]
[BlackTeam "Aachen DJK Aufwärts III"]
[WhiteTeamCountry "GER"]
[BlackTeamCountry "GER"]

1. e4 c5 2. Nc3 e6 3. g3 d6 4. Bg2 Nf6 5. d3 Be7 6. Nge2 Nbd7 7. 0-0 a6 8. a4 Qc7 9. h3 0-0 10. f4 Rb8 11. f5 Ne5 12. fxe6 fxe6 13. Bf4 Ng6 14. Be3 b5 15. axb5 axb5 16. Nf4 Ne5 17. Nfe2 Bd7 18. Bf4 Ng6 19. Be3 b4 20. Nb1 d5 21. exd5 exd5 22. Nd2 Bc6 23. Bf4 Nxf4 24. Nxf4 Qd7 25. Qe2 Bd6 26. Qe6+ Qxe6 27. Nxe6 Rfe8 28. Nf4 Re3 29. Ra6 Bxf4 30. gxf4 Bb5 31. Rd6 d4 32. Nf3 Kf7 33. f5 Nd7 34. Re6 Rxe6 35. fxe6+ Kxe6 36. Re1+ Kd6 37. Nd2 Rb6 38. Be4 Ra6 39. Bf5 1/2-1/2